Dalit literature a pedagogic discourse: (Record no. 157701)

MARC details
000 -LEADER
fixed length control field 00609nam a22001817a 4500
005 - DATE AND TIME OF LATEST TRANSACTION
control field 20180926120512.0
010 ## - LCCN (DPL NO)
LC control number ENG-124059
020 ## - INTERNATIONAL STANDARD BOOK NUMBER
Terms of availability 750.00
International Standard Book Number 9788183877756
035 ## - SYSTEM CONTROL NUMBER
System control number EN-107591
037 ## - SOURCE OF ACQUISITION
Source of stock number/acquisition DBAD/PUB
082 ## - DEWEY DECIMAL CLASSIFICATION NUMBER
Classification number 891.4
245 ## - TITLE STATEMENT
Title Dalit literature a pedagogic discourse:
Statement of responsibility, etc ed.by D. Murali Manohar
Remainder of title (in honour of prof.M. Sridhar)
260 ## - PUBLICATION, DISTRIBUTION, ETC. (IMPRINT)
Name of publisher, distributor, etc Serials Publications
Place of publication, distribution, etc New Delhi
Date of publication, distribution, etc 2016
270 ## - ADDRESS
Address 4830/24, Prahlad Street, Ansari Road, Darya Ganj,
City New Delhi
Postal code 110002
300 ## - PHYSICAL DESCRIPTION
Extent xiv,181p
Dimensions 21cm.(Hb.)
700 ## - ADDED ENTRY--PERSONAL NAME
Personal name D. Murali Manohar
942 ## - ADDED ENTRY ELEMENTS (KOHA)
Source of classification or shelving scheme Dewey Decimal Classification
Item type English Books
Call number suffix DAL
Classification part 891.4
Holdings
Withdrawn status Lost status Not for loan Collection code Home library Current library Date acquired Source of acquisition Cost, normal purchase price Full call number Barcode Copy number Cost, replacement price Koha item type
    Not For Loan Non-fiction D.B.Act.Division Sarojini Nagar 26/09/2018 DBAD/PUB 750.00 891.4 DAL EN-107591 1 750.00 English Books

© Delhi Public Library
Hit Counter
free hit counter